American Football: NFL-Teams nach Stadt - Statistiken

Allgemein
  • Dieses Quiz wurde 3.841 mal gespielt
    3.676 seit der letzten Aktualisierung
  • Das Durchschnittsergebnis liegt bei 29 aus 32
Antwortstatistiken
Stadt/Region Team % Korrekt
Kansas City Chiefs
97%
Buffalo Bills
96%
New York J{ets}
96%
New York G{iants}
95%
Green Bay Packers
95%
New England Patriots
94%
Los Angeles R{ams}
94%
San Francisco 49ers
93%
Miami Dolphins
93%
Baltimore Ravens
93%
Dallas Cowboys
92%
Pittsburgh Steelers
91%
Philadelphia Eagles
90%
Jacksonville Jaguars
90%
Seattle Seahawks
90%
Cincinnati Bengals
89%
Las Vegas Raiders
89%
Tampa Bay Buccaneers
88%
Arizona Cardinals
88%
Minnesota Vikings
88%
Denver Broncos
87%
Atlanta Falcons
87%
Carolina Panthers
87%
Tennessee Titans
87%
Chicago Bears
86%
Cleveland Browns
86%
Indianapolis Colts
86%
Detroit Lions
86%
Houston Texans
85%
Los Angeles C{hargers}
83%
New Orleans Saints
83%
Washington Commanders
78%
Keine übereinstimmenden Quizze gefunden
Verteilung der Resultate
Anzahl Personen mit jedem Resultat
Perzentil nach korrekt beantworteten Fragen
Ihre Resultats-Entwicklung
Sie haben dieses Quiz seit der letzten Aktualisierung nicht gespielt